000 00381cam a22001217a 4500
008 180718b1978 xxu||||| |||| 00| 0 eng d
082 _aG5x5442 M278/1978
245 _aMaharashtra Legislature manual
_cby Legislature Secretariat, Maharashtra
250 _a7th
260 _aBombay
_bLegislature Secretariat
_c1978
300 _a345+p.
700 _aMaharashtra. Legislature Secretariat
999 _c491345
_d491345